| 000 | 01036nas a2200349 4500 | ||
|---|---|---|---|
| 001 | BR2010003598 | ||
| 003 | BR-BrBNA | ||
| 005 | 20231205114605.0 | ||
| 007 | ta | ||
| 008 | 230509b bl.|||p| |||| 00| 00por d | ||
| 040 |
_aBR-BrBNA _bpor _cBiblioteca Nacional de Agricultura |
||
| 041 | _a(Pt) | ||
| 072 | _aF01 | ||
| 100 | 1 | _aHeldwein, A.B. | |
| 100 | 1 | _aStreck, N.A. | |
| 100 | 1 | _aSturza, V.S. | |
| 100 | 1 | _aLoose, L.H. | |
| 100 | 1 | _aZanon, A.J. | |
| 100 | 1 | _aToebe, M. | |
| 100 | 1 | _aSouza, A.T. de | |
| 100 | 1 | _aPeters, M.B. | |
| 100 | 1 | _aKarlec, F. | |
| 245 | 1 | _aPlastocrono e rendimento de feijão-de-vagem cultivado sob ambiente protegido e no ambiente externo em semeadura tardia no outono | |
| 650 | _aFEIJÃO | ||
| 650 | _aRENDIMENTO | ||
| 650 | _aÉPOCA DE SEMEADURA | ||
| 650 | _aESTUFA PLÁSTICA | ||
| 650 | _aTEMPERATURA | ||
| 773 | 0 |
_tCiência Rural (Brazil) _xISSN 0103-8478 _g(Apr 2010), v. 40(4) p. 768-773 _wBR2010003598 |
|
| 909 |
_a202311 _bLúcia _c55 _dLúcia Elande |
||
| 942 |
_2AGRIS _n0 _cANA |
||
| 999 |
_c209467 _d209467 |
||